[Event "World Chess Olympiad 2018"]
[Site "Batumi"]
[Date "2018.09.26"]
[Round "3"]
[Board "3"]
[WhiteFideId "509825"]
[White "Keinanen Toivo"]
[BlackFideId "16300440"]
[Black "Yang Ching Wei Austin"]
[Result "1/2-1/2"]
[LiveChessVersion "1.4.8"]
[BlackElo "2198"]
[WhiteElo "2402"]

1. e4 {[%clk 1:30:57]} c5 {[%clk 1:30:49]} 2. Nc3 {[%clk 1:27:35]} Nc6
{[%clk 1:31:07]} 3. Nge2 {[%clk 1:27:12]} g6 {[%clk 1:31:15]} 4. d4
{[%clk 1:27:31]} cxd4 {[%clk 1:31:40]} 5. Nxd4 {[%clk 1:27:53]} Bg7
{[%clk 1:32:08]} 6. Be3 {[%clk 1:28:05]} Nf6 {[%clk 1:32:32]} 7. Bc4
{[%clk 1:27:17]} O-O {[%clk 1:31:38]} 8. Bb3 {[%clk 1:27:28]} d6 {[%clk 1:31:59]}
9. f3 {[%clk 1:27:39]} Bd7 {[%clk 1:32:23]} 10. h4 {[%clk 1:27:57]} h5
{[%clk 1:32:26]} 11. Qd2 {[%clk 1:27:50]} Rc8 {[%clk 1:32:45]} 12. Nxc6
{[%clk 1:27:23]} bxc6 {[%clk 1:23:07]} 13. g4 {[%clk 1:27:13]} c5
{[%clk 1:10:02]} 14. g5 {[%clk 1:16:40]} Ne8 {[%clk 1:06:52]} 15. Bc4
{[%clk 1:06:58]} Rb8 {[%clk 1:03:17]} 16. Rb1 {[%clk 1:04:52]} Nc7
{[%clk 0:54:29]} 17. O-O {[%clk 1:01:56]} Bc6 {[%clk 0:44:43]} 18. b3
{[%clk 0:57:53]} Qd7 {[%clk 0:38:36]} 19. Kg2 {[%clk 0:57:14]} e6
{[%clk 0:29:16]} 20. Rbd1 {[%clk 0:56:20]} Rbd8 {[%clk 0:25:23]} 21. Bf4
{[%clk 0:48:22]} d5 {[%clk 0:16:52]} 22. exd5 {[%clk 0:42:42]} exd5
{[%clk 0:14:43]} 23. Bxc7 {[%clk 0:42:14]} Bxc3 {[%clk 0:13:37]} 24. Qf4
{[%clk 0:41:43]} Rde8 {[%clk 0:07:32]} 25. Bd6 {[%clk 0:37:25]} dxc4
{[%clk 0:07:18]} 26. Bxf8 {[%clk 0:37:34]} Re2+ {[%clk 0:07:15]} 27. Kg3
{[%clk 0:36:47]} Qe8 {[%clk 0:05:27]} 28. Bd6 {[%clk 0:36:11]} Be1+
{[%clk 0:03:55]} 29. Rfxe1 {[%clk 0:35:05]} Rxe1 {[%clk 0:04:17]} 30. Rxe1
{[%clk 0:28:44]} Qxe1+ {[%clk 0:04:41]} 31. Kg2 {[%clk 0:29:14]} Qe2+
{[%clk 0:04:29]} 32. Kg3 {[%clk 0:29:24]} Qe1+ {[%clk 0:04:21]} 33. Kg2
{[%clk 0:29:52]} Qe2+ {[%clk 0:03:51]} 34. Kg3 {[%clk 0:30:21]} 1/2-1/2

[Event "World Chess Olympiad 2018"]
[Site "Batumi"]
[Date "2018.09.26"]
[Round "3"]
[Board "4"]
[WhiteFideId "16300416"]
[White "Liu Yeh Yang"]
[BlackFideId "505455"]
[Black "Sipila Vilka"]
[Result "0-1"]
[LiveChessVersion "1.4.8"]
[BlackElo "2381"]
[WhiteElo "1926"]

1. e4 {[%clk 1:30:57]} c5 {[%clk 1:30:53]} 2. Nf3 {[%clk 1:31:24]} d6
{[%clk 1:31:15]} 3. c3 {[%clk 1:31:51]} Nf6 {[%clk 1:31:31]} 4. Qc2
{[%clk 1:32:18]} Nc6 {[%clk 1:31:40]} 5. d4 {[%clk 1:32:44]} cxd4
{[%clk 1:32:01]} 6. cxd4 {[%clk 1:33:10]} d5 {[%clk 1:32:22]} 7. e5
{[%clk 1:32:50]} Ne4 {[%clk 1:32:43]} 8. Nc3 {[%clk 1:31:14]} Bf5
{[%clk 1:32:50]} 9. Nh4 {[%clk 1:25:40]} Bd7 {[%clk 1:07:26]} 10. Nf3
{[%clk 1:18:16]} e6 {[%clk 1:06:18]} 11. Nxe4 {[%clk 1:14:21]} Nb4
{[%clk 0:54:05]} 12. Nd6+ {[%clk 1:14:22]} Bxd6 {[%clk 0:54:27]} 13. Qb3
{[%clk 1:14:49]} Rc8 {[%clk 0:50:58]} 14. Bd3 {[%clk 1:13:15]} Be7
{[%clk 0:26:02]} 15. O-O {[%clk 1:11:06]} a5 {[%clk 0:25:09]} 16. a3
{[%clk 1:03:44]} a4 {[%clk 0:24:27]} 17. Qd1 {[%clk 1:04:13]} Nxd3
{[%clk 0:24:44]} 18. Qxd3 {[%clk 1:04:41]} Qb6 {[%clk 0:24:35]} 19. Re1
{[%clk 1:05:09]} Bb5 {[%clk 0:24:28]} 20. Qd1 {[%clk 1:05:36]} h6
{[%clk 0:21:16]} 21. Bd2 {[%clk 1:04:53]} O-O {[%clk 0:21:26]} 22. b3
{[%clk 1:04:33]} Ra8 {[%clk 0:20:17]} 23. Bb4 {[%clk 1:00:59]} Bxb4
{[%clk 0:20:04]} 24. axb4 {[%clk 1:01:27]} Bc6 {[%clk 0:19:10]} 25. bxa4
{[%clk 1:00:36]} Qxb4 {[%clk 0:19:33]} 26. a5 {[%clk 1:00:53]} Rxa5
{[%clk 0:19:48]} 27. Rxa5 {[%clk 0:59:41]} Qxa5 {[%clk 0:20:12]} 28. Qb3
{[%clk 0:59:43]} Ra8 {[%clk 0:20:10]} 29. Rb1 {[%clk 0:59:26]} Qa2
{[%clk 0:16:44]} 30. Kf1 {[%clk 0:56:12]} Qa6+ {[%clk 0:16:24]} 31. Ke1
{[%clk 0:55:56]} Qc4 {[%clk 0:14:24]} 32. Qe3 {[%clk 0:53:01]} Ra2
{[%clk 0:13:07]} 33. Nd2 {[%clk 0:52:44]} Qc2 {[%clk 0:12:48]} 34. g3
{[%clk 0:51:40]} b5 {[%clk 0:08:04]} 35. f4 {[%clk 0:51:39]} Kh8 {[%clk 0:04:17]}
36. g4 {[%clk 0:51:37]} Bd7 {[%clk 0:03:52]} 37. h3 {[%clk 0:51:48]} Kg8
{[%clk 0:04:17]} 38. h4 {[%clk 0:52:07]} Qg6 {[%clk 0:04:17]} 39. Qf3
{[%clk 0:46:55]} Qc2 {[%clk 0:04:40]} 40. Qe3 {[%clk 1:16:56]} Bc8
{[%clk 0:34:30]} 41. h5 {[%clk 1:14:34]} Ba6 {[%clk 0:34:35]} 42. g5
{[%clk 1:13:32]} hxg5 {[%clk 0:34:07]} 43. fxg5 {[%clk 1:13:58]} b4
{[%clk 0:34:12]} 44. Rxb4 {[%clk 1:13:30]} Qc1+ {[%clk 0:34:20]} 45. Kf2
{[%clk 1:13:57]} Rxd2+ {[%clk 0:34:40]} 46. Kf3 {[%clk 1:12:34]} Qf1+
{[%clk 0:34:49]} 47. Kg4 {[%clk 1:12:56]} Rg2+ {[%clk 0:35:09]} 48. Kh4
{[%clk 1:13:18]} Qh1+ {[%clk 0:35:32]} 49. Qh3 {[%clk 1:13:43]} Qe1+
{[%clk 0:35:58]} 0-1

[Event "World Chess Olympiad 2018"]
[Site "Batumi"]
[Date "2018.09.26"]
[Round "3"]
[Board "1"]
[WhiteFideId "2500914"]
[White "Baburin Alexander"]
[BlackFideId "14800098"]
[Black "Paiva Donaldo"]
[Result "1-0"]
[LiveChessVersion "1.4.8"]
[BlackElo "2206"]
[WhiteElo "2452"]

1. d4 {[%clk 1:30:56]} Nf6 {[%clk 1:30:55]} 2. c4 {[%clk 1:31:20]} g6
{[%clk 1:31:21]} 3. Nf3 {[%clk 1:31:45]} Bg7 {[%clk 1:31:46]} 4. g3
{[%clk 1:32:09]} O-O {[%clk 1:32:11]} 5. Bg2 {[%clk 1:32:34]} d6 {[%clk 1:32:36]}
6. O-O {[%clk 1:32:53]} c6 {[%clk 1:33:02]} 7. Nc3 {[%clk 1:28:44]} Qa5
{[%clk 1:32:40]} 8. e4 {[%clk 1:28:26]} Bg4 {[%clk 1:32:29]} 9. h3
{[%clk 1:27:30]} Bxf3 {[%clk 1:32:51]} 10. Bxf3 {[%clk 1:27:44]} e5
{[%clk 1:33:14]} 11. d5 {[%clk 1:27:41]} cxd5 {[%clk 1:33:26]} 12. cxd5
{[%clk 1:28:04]} Nbd7 {[%clk 1:30:06]} 13. Bd2 {[%clk 1:19:48]} Qd8
{[%clk 1:27:09]} 14. Qe2 {[%clk 1:12:51]} a6 {[%clk 1:24:20]} 15. h4
{[%clk 1:01:15]} Ne8 {[%clk 1:21:14]} 16. h5 {[%clk 0:57:12]} f5 {[%clk 1:21:18]}
17. hxg6 {[%clk 0:55:33]} hxg6 {[%clk 1:21:41]} 18. Kg2 {[%clk 0:53:55]} Bf6
{[%clk 1:16:23]} 19. Rh1 {[%clk 0:50:15]} Ng7 {[%clk 1:10:34]} 20. Rh6
{[%clk 0:41:47]} Kf7 {[%clk 1:10:41]} 21. Rah1 {[%clk 0:37:47]} Bg5
{[%clk 1:03:12]} 22. Bxg5 {[%clk 0:28:29]} Qxg5 {[%clk 1:03:34]} 23. exf5
{[%clk 0:28:43]} gxf5 {[%clk 1:01:34]} 24. Bh5+ {[%clk 0:23:37]} Nxh5
{[%clk 1:00:03]} 25. R1xh5 {[%clk 0:23:54]} Qg8 {[%clk 0:59:49]} 26. Rxf5+
{[%clk 0:23:02]} Ke7 {[%clk 0:58:48]} 27. Re6+ {[%clk 0:20:05]} Kd8
{[%clk 0:56:42]} 28. Rxf8+ {[%clk 0:20:03]} Qxf8 {[%clk 0:56:52]} 29. Ne4
{[%clk 0:20:16]} 1-0

[Event "World Chess Olympiad 2018"]
[Site "Batumi"]
[Date "2018.09.26"]
[Round "3"]
[Board "2"]
[WhiteFideId "14800063"]
[White "Abrantes Persson"]
[BlackFideId "2501430"]
[Black "Astaneh Lopez Alex"]
[Result "1/2-1/2"]
[LiveChessVersion "1.4.8"]
[BlackElo "2433"]
[WhiteElo "2055"]

1. Nf3 {[%clk 1:30:58]} Nf6 {[%clk 1:30:42]} 2. g3 {[%clk 1:31:17]} g6
{[%clk 1:30:47]} 3. Bg2 {[%clk 1:31:45]} Bg7 {[%clk 1:31:13]} 4. d3
{[%clk 1:31:25]} d5 {[%clk 1:28:25]} 5. O-O {[%clk 1:30:30]} O-O {[%clk 1:27:04]}
6. h3 {[%clk 1:30:51]} Re8 {[%clk 1:22:32]} 7. Bg5 {[%clk 1:30:53]} h6
{[%clk 1:21:56]} 8. Bd2 {[%clk 1:30:26]} e5 {[%clk 1:22:01]} 9. Qc1
{[%clk 1:29:28]} Kh7 {[%clk 1:16:56]} 10. c4 {[%clk 1:27:45]} e4 {[%clk 1:15:38]}
11. dxe4 {[%clk 1:27:24]} dxe4 {[%clk 1:15:59]} 12. Nh2 {[%clk 1:27:45]} Bd7
{[%clk 1:13:19]} 13. Nc3 {[%clk 1:27:53]} Qc8 {[%clk 1:13:01]} 14. g4
{[%clk 1:27:57]} Bc6 {[%clk 1:13:04]} 15. g5 {[%clk 1:26:23]} hxg5
{[%clk 1:12:53]} 16. Bxg5 {[%clk 1:23:54]} Qe6 {[%clk 1:08:45]} 17. Qf4
{[%clk 1:20:23]} Nh5 {[%clk 1:08:31]} 18. Qh4 {[%clk 1:15:19]} Nd7
{[%clk 1:07:27]} 19. Nd5 {[%clk 1:10:10]} Bxd5 {[%clk 1:07:19]} 20. cxd5
{[%clk 1:10:39]} Qxd5 {[%clk 1:06:57]} 21. Rad1 {[%clk 1:07:58]} Qf5
{[%clk 1:06:30]} 22. Ng4 {[%clk 0:57:02]} Nf8 {[%clk 1:03:41]} 23. Be7
{[%clk 0:54:11]} Kg8 {[%clk 1:01:20]} 24. Rd4 {[%clk 0:41:22]} Nf4
{[%clk 0:59:29]} 25. Rc4 {[%clk 0:16:14]} Nxg2 {[%clk 0:57:49]} 26. Kxg2
{[%clk 0:16:18]} Ne6 {[%clk 0:51:31]} 27. f4 {[%clk 0:10:53]} Rxe7
{[%clk 0:13:42]} 28. Qxe7 {[%clk 0:10:50]} b5 {[%clk 0:13:26]} 29. Rcc1
{[%clk 0:06:03]} e3 {[%clk 0:09:27]} 30. Kg3 {[%clk 0:05:31]} Bf8
{[%clk 0:08:45]} 31. Qf6 {[%clk 0:04:54]} Qxf6 {[%clk 0:06:05]} 32. Nxf6+
{[%clk 0:05:19]} Kg7 {[%clk 0:06:28]} 33. Nd5 {[%clk 0:05:23]} Bd6
{[%clk 0:06:49]} 34. Nxe3 {[%clk 0:05:43]} Re8 {[%clk 0:07:16]} 35. Nd5
{[%clk 0:04:37]} Nd4 {[%clk 0:07:35]} 36. Nxc7 {[%clk 0:01:27]} Rxe2
{[%clk 0:05:09]} 37. Rf2 {[%clk 0:01:05]} Re4 {[%clk 0:04:56]} 38. Kg2
{[%clk 0:00:40]} Bxf4 {[%clk 0:04:05]} 39. Rc3 {[%clk 0:00:45]} Be3
{[%clk 0:02:05]} 40. Rf1 {[%clk 0:30:49]} Re5 {[%clk 0:32:19]} 41. Rd3
{[%clk 0:27:06]} Nf5 {[%clk 0:29:09]} 42. Re1 {[%clk 0:26:02]} Rc5
{[%clk 0:28:33]} 43. Ne8+ {[%clk 0:26:04]} Kf8 {[%clk 0:29:00]} 44. Rdxe3
{[%clk 0:25:44]} Nxe3+ {[%clk 0:29:28]} 45. Rxe3 {[%clk 0:26:10]} Rc2+
{[%clk 0:29:52]} 46. Kf3 {[%clk 0:25:26]} Rxb2 {[%clk 0:30:20]} 47. a3
{[%clk 0:25:53]} b4 {[%clk 0:30:35]} 48. axb4 {[%clk 0:22:57]} Rxb4
{[%clk 0:31:03]} 49. Nd6 {[%clk 0:23:19]} Rb6 {[%clk 0:31:09]} 1/2-1/2

[Event "World Chess Olympiad 2018"]
[Site "Batumi"]
[Date "2018.09.26"]
[Round "3"]
[Board "3"]
[WhiteFideId "628859"]
[White "Jessel Stephen"]
[BlackFideId "14800268"]
[Black "Calicoca Wilton Inacio"]
[Result "1-0"]
[LiveChessVersion "1.4.8"]
[BlackElo "2135"]
[WhiteElo "2317"]

1. Nf3 {[%clk 1:30:52]} Nf6 {[%clk 1:30:55]} 2. c4 {[%clk 1:31:10]} e6
{[%clk 1:31:18]} 3. g3 {[%clk 1:31:25]} d5 {[%clk 1:31:38]} 4. Bg2
{[%clk 1:31:31]} Be7 {[%clk 1:31:47]} 5. O-O {[%clk 1:31:47]} c5 {[%clk 1:32:03]}
6. e3 {[%clk 1:31:21]} Nc6 {[%clk 1:32:19]} 7. b3 {[%clk 1:30:48]} b6
{[%clk 1:31:30]} 8. Bb2 {[%clk 1:26:24]} Bb7 {[%clk 1:30:26]} 9. Nc3
{[%clk 1:23:43]} dxc4 {[%clk 1:21:53]} 10. bxc4 {[%clk 1:23:40]} O-O
{[%clk 1:22:21]} 11. Qe2 {[%clk 1:23:21]} Nb4 {[%clk 1:20:05]} 12. d4
{[%clk 1:16:58]} cxd4 {[%clk 1:18:44]} 13. exd4 {[%clk 1:16:40]} Rc8
{[%clk 1:15:56]} 14. Rfd1 {[%clk 1:06:40]} Qc7 {[%clk 0:59:07]} 15. a3
{[%clk 1:00:04]} Na6 {[%clk 0:58:40]} 16. d5 {[%clk 0:50:17]} exd5
{[%clk 0:39:59]} 17. cxd5 {[%clk 0:44:10]} Nc5 {[%clk 0:36:26]} 18. Nd4
{[%clk 0:37:26]} a6 {[%clk 0:27:28]} 19. Nf5 {[%clk 0:19:07]} Rfe8
{[%clk 0:25:52]} 20. Qd2 {[%clk 0:14:07]} Bf8 {[%clk 0:16:41]} 21. Qg5
{[%clk 0:14:00]} Kh8 {[%clk 0:15:22]} 22. d6 {[%clk 0:12:57]} Qd7
{[%clk 0:13:36]} 23. Nd5 {[%clk 0:07:56]} Bxd5 {[%clk 0:09:34]} 24. Nxg7
{[%clk 0:02:03]} Bxg7 {[%clk 0:04:04]} 25. Bxf6 {[%clk 0:02:20]} Rg8
{[%clk 0:03:38]} 26. Rxd5 {[%clk 0:00:45]} Qe6 {[%clk 0:02:21]} 27. Bxg7+
{[%clk 0:00:40]} Rxg7 {[%clk 0:02:45]} 28. Qe3 {[%clk 0:00:36]} Rd8
{[%clk 0:02:49]} 29. Rad1 {[%clk 0:00:33]} Rg6 {[%clk 0:00:47]} 30. Qc3+
{[%clk 0:00:41]} Qf6 {[%clk 0:00:46]} 31. Qb4 {[%clk 0:00:38]} Nd7
{[%clk 0:01:01]} 32. Qe4 {[%clk 0:00:32]} Nc5 {[%clk 0:00:53]} 33. Qe7
{[%clk 0:00:38]} Kg7 {[%clk 0:01:04]} 34. Qc7 {[%clk 0:00:38]} Rg5
{[%clk 0:00:48]} 35. Rxg5+ {[%clk 0:00:41]} Qxg5 {[%clk 0:01:16]} 36. Qxb6
{[%clk 0:00:39]} Na4 {[%clk 0:00:35]} 37. Qd4+ {[%clk 0:00:59]} 1-0

[Event "World Chess Olympiad 2018"]
[Site "Batumi"]
[Date "2018.09.26"]
[Round "3"]
[Board "4"]
[WhiteFideId "14800500"]
[White "Gafar Izdine"]
[BlackFideId "2501961"]
[Black "Fitzsimons David"]
[Result "0-1"]
[LiveChessVersion "1.4.8"]
[BlackElo "2316"]
[WhiteElo "1984"]

1. Nf3 {[%clk 1:30:50]} g6 {[%clk 1:30:47]} 2. e4 {[%clk 1:31:15]} d6
{[%clk 1:30:53]} 3. d4 {[%clk 1:31:24]} Bg7 {[%clk 1:31:03]} 4. Nc3
{[%clk 1:30:15]} a6 {[%clk 1:31:09]} 5. Be3 {[%clk 1:30:22]} Nf6 {[%clk 1:31:11]}
6. h3 {[%clk 1:30:35]} O-O {[%clk 1:31:26]} 7. Qd2 {[%clk 1:30:42]} b5
{[%clk 1:31:37]} 8. a3 {[%clk 1:30:18]} Bb7 {[%clk 1:30:51]} 9. Bd3
{[%clk 1:28:39]} Nc6 {[%clk 1:29:57]} 10. O-O {[%clk 1:28:45]} e5
{[%clk 1:29:44]} 11. dxe5 {[%clk 1:23:44]} Nxe5 {[%clk 1:29:49]} 12. Nxe5
{[%clk 1:23:19]} dxe5 {[%clk 1:30:16]} 13. Rad1 {[%clk 1:23:20]} Qe7
{[%clk 1:29:40]} 14. b4 {[%clk 1:20:53]} Rfd8 {[%clk 1:28:57]} 15. f3
{[%clk 1:20:20]} Nh5 {[%clk 1:26:31]} 16. Qf2 {[%clk 1:20:16]} Nf4
{[%clk 1:22:54]} 17. Ne2 {[%clk 1:19:18]} Nxd3 {[%clk 1:12:02]} 18. Rxd3
{[%clk 1:19:17]} Rxd3 {[%clk 1:10:34]} 19. cxd3 {[%clk 1:19:34]} a5
{[%clk 1:07:34]} 20. Nc1 {[%clk 1:18:07]} axb4 {[%clk 1:06:22]} 21. Bc5
{[%clk 1:18:01]} Qe6 {[%clk 1:01:54]} 22. axb4 {[%clk 1:17:09]} Bc8
{[%clk 0:48:54]} 23. Rd1 {[%clk 1:14:21]} h5 {[%clk 0:38:43]} 24. Kh1
{[%clk 1:12:58]} Ra1 {[%clk 0:37:46]} 25. Qb2 {[%clk 1:12:57]} Qa6
{[%clk 0:37:10]} 26. d4 {[%clk 1:06:21]} Qa4 {[%clk 0:29:23]} 27. Rg1
{[%clk 1:03:27]} exd4 {[%clk 0:24:09]} 28. Bxd4 {[%clk 1:03:35]} Bxd4
{[%clk 0:24:30]} 29. Qxd4 {[%clk 1:03:56]} Be6 {[%clk 0:24:49]} 30. Qd8+
{[%clk 1:03:12]} Kh7 {[%clk 0:25:07]} 31. Qxc7 {[%clk 0:56:31]} Qxb4
{[%clk 0:25:08]} 32. Qe5 {[%clk 0:56:34]} Qa3 {[%clk 0:23:59]} 33. Ne2
{[%clk 0:52:30]} Rxg1+ {[%clk 0:24:17]} 34. Nxg1 {[%clk 0:52:59]} b4
{[%clk 0:19:00]} 35. f4 {[%clk 0:53:27]} b3 {[%clk 0:05:36]} 36. f5
{[%clk 0:53:33]} b2 {[%clk 0:05:38]} 37. fxe6 {[%clk 0:52:50]} b1=Q
{[%clk 0:06:03]} 38. e7 {[%clk 0:47:50]} Qe3 {[%clk 0:05:40]} 0-1

[Event "World Chess Olympiad 2018"]
[Site "Batumi"]
[Date "2018.09.26"]
[Round "3"]
[Board "1"]
[WhiteFideId "6200176"]
[White "Teerapabpaisit Wisuwat"]
[BlackFideId "14700077"]
[Black "Amonatov Farrukh"]
[Result "0-1"]
[LiveChessVersion "1.4.8"]
[BlackElo "2615"]
[WhiteElo "2154"]

1. e4 {[%clk 1:30:58]} c5 {[%clk 1:30:54]} 2. Nf3 {[%clk 1:31:25]} d6
{[%clk 1:31:18]} 3. d4 {[%clk 1:31:52]} cxd4 {[%clk 1:31:41]} 4. Nxd4
{[%clk 1:32:19]} Nf6 {[%clk 1:32:02]} 5. Nc3 {[%clk 1:32:46]} a6 {[%clk 1:32:26]}
6. f4 {[%clk 1:33:12]} e5 {[%clk 1:32:29]} 7. Nf3 {[%clk 1:33:40]} Nbd7
{[%clk 1:32:44]} 8. a4 {[%clk 1:34:08]} Be7 {[%clk 1:32:53]} 9. Bc4
{[%clk 1:34:36]} Qa5 {[%clk 1:31:58]} 10. Qe2 {[%clk 1:31:21]} O-O
{[%clk 1:28:48]} 11. O-O {[%clk 1:31:22]} exf4 {[%clk 1:27:18]} 12. Bxf4
{[%clk 1:31:37]} Ne5 {[%clk 1:27:44]} 13. Bb3 {[%clk 1:25:29]} Nxf3+
{[%clk 1:23:08]} 14. Qxf3 {[%clk 1:22:27]} Be6 {[%clk 1:23:32]} 15. Bxe6
{[%clk 1:19:27]} fxe6 {[%clk 1:22:32]} 16. Qh3 {[%clk 1:19:56]} Qc5+
{[%clk 1:22:30]} 17. Kh1 {[%clk 1:18:26]} Qc4 {[%clk 1:21:54]} 18. b3
{[%clk 1:14:52]} Qc8 {[%clk 1:20:16]} 19. e5 {[%clk 1:15:05]} dxe5
{[%clk 1:20:22]} 20. Bxe5 {[%clk 1:15:32]} Qc6 {[%clk 1:20:10]} 21. Rae1
{[%clk 1:02:06]} Nd7 {[%clk 1:15:11]} 22. Bd4 {[%clk 0:51:16]} e5
{[%clk 1:10:38]} 23. Be3 {[%clk 0:34:02]} Bb4 {[%clk 1:03:53]} 24. Bd2
{[%clk 0:33:28]} Nf6 {[%clk 0:57:59]} 25. Re2 {[%clk 0:15:55]} Ne4
{[%clk 0:55:49]} 0-1

[Event "World Chess Olympiad 2018"]
[Site "Batumi"]
[Date "2018.09.26"]
[Round "3"]
[Board "2"]
[WhiteFideId "14700247"]
[White "Khusenkhojaev Muhammad"]
[BlackFideId "6201610"]
[Black "Kulpruethanon Thanadon"]
[Result "1/2-1/2"]
[LiveChessVersion "1.4.8"]
[BlackElo "2291"]
[WhiteElo "2430"]

1. d4 {[%clk 1:29:59]} d5 {[%clk 1:30:51]} 2. Nf3 {[%clk 1:30:12]} Nf6
{[%clk 1:31:13]} 3. c4 {[%clk 1:30:35]} e6 {[%clk 1:31:37]} 4. Nc3
{[%clk 1:30:55]} c6 {[%clk 1:31:57]} 5. e3 {[%clk 1:30:40]} Nbd7 {[%clk 1:32:19]}
6. Qc2 {[%clk 1:30:33]} Bd6 {[%clk 1:32:35]} 7. b3 {[%clk 1:30:43]} O-O
{[%clk 1:32:45]} 8. Be2 {[%clk 1:30:49]} b6 {[%clk 1:32:42]} 9. O-O
{[%clk 1:30:53]} Bb7 {[%clk 1:32:59]} 10. Bb2 {[%clk 1:31:00]} Rc8
{[%clk 1:33:07]} 11. Rad1 {[%clk 1:28:12]} c5 {[%clk 1:31:04]} 12. cxd5
{[%clk 1:27:30]} cxd4 {[%clk 1:26:47]} 13. dxe6 {[%clk 1:24:42]} dxc3
{[%clk 1:26:41]} 14. exd7 {[%clk 1:24:46]} Qxd7 {[%clk 1:26:11]} 15. Ba3
{[%clk 1:09:30]} Be4 {[%clk 1:25:13]} 16. Rxd6 {[%clk 1:09:10]} Qxd6
{[%clk 1:12:43]} 17. Bxd6 {[%clk 1:09:27]} Bxc2 {[%clk 1:13:05]} 18. Bxf8
{[%clk 1:09:49]} Kxf8 {[%clk 1:13:26]} 19. Nd4 {[%clk 1:09:17]} Bg6
{[%clk 1:10:19]} 20. Rc1 {[%clk 1:03:35]} Nd5 {[%clk 1:09:15]} 21. a3
{[%clk 0:49:02]} c2 {[%clk 1:06:30]} 22. Bg4 {[%clk 0:31:26]} Rc5
{[%clk 0:21:46]} 23. Bf5 {[%clk 0:31:10]} Bxf5 {[%clk 0:18:03]} 24. Nxf5
{[%clk 0:31:33]} Rc3 {[%clk 0:14:37]} 25. g4 {[%clk 0:31:34]} Rxb3
{[%clk 0:13:03]} 26. Rxc2 {[%clk 0:31:59]} Rc3 {[%clk 0:12:55]} 27. Rd2
{[%clk 0:31:37]} Rc5 {[%clk 0:12:40]} 28. e4 {[%clk 0:25:32]} g6 {[%clk 0:12:42]}
29. exd5 {[%clk 0:25:54]} gxf5 {[%clk 0:13:00]} 30. d6 {[%clk 0:25:08]} Ke8
{[%clk 0:12:26]} 31. Re2+ {[%clk 0:25:04]} Kd7 {[%clk 0:10:26]} 32. Re7+
{[%clk 0:25:28]} Kxd6 {[%clk 0:10:51]} 33. Rxa7 {[%clk 0:22:36]} fxg4
{[%clk 0:09:48]} 34. Rxf7 {[%clk 0:22:51]} Ra5 {[%clk 0:06:47]} 35. Rxh7
{[%clk 0:19:27]} Rxa3 {[%clk 0:07:09]} 36. Rg7 {[%clk 0:19:21]} Ra4
{[%clk 0:07:11]} 37. Rg6+ {[%clk 0:19:37]} Kc5 {[%clk 0:07:27]} 38. Rg5+
{[%clk 0:20:01]} Kc6 {[%clk 0:07:25]} 39. Rg6+ {[%clk 0:20:15]} Kc5
{[%clk 0:06:50]} 40. Rg5+ {[%clk 0:50:39]} Kc6 {[%clk 0:37:13]} 41. Rg6+
{[%clk 0:49:05]} Kc5 {[%clk 0:36:20]} 42. Rg5+ {[%clk 0:49:29]} 1/2-1/2

[Event "World Chess Olympiad 2018"]
[Site "Batumi"]
[Date "2018.09.26"]
[Round "3"]
[Board "3"]
[WhiteFideId "6200184"]
[White "Saeheng Boonsueb"]
[BlackFideId "14700859"]
[Black "Kabilov Amin"]
[Result "1/2-1/2"]
[LiveChessVersion "1.4.8"]
[BlackElo "2178"]
[WhiteElo "2163"]

1. d4 {[%clk 1:30:55]} Nf6 {[%clk 1:30:34]} 2. c4 {[%clk 1:31:14]} g6
{[%clk 1:30:27]} 3. Nc3 {[%clk 1:31:04]} Bg7 {[%clk 1:30:04]} 4. e4
{[%clk 1:29:49]} d6 {[%clk 1:29:54]} 5. h3 {[%clk 1:27:07]} O-O {[%clk 1:28:35]}
6. Nf3 {[%clk 1:22:40]} c5 {[%clk 1:26:25]} 7. Be2 {[%clk 1:14:11]} cxd4
{[%clk 1:10:56]} 8. Nxd4 {[%clk 1:14:19]} Na6 {[%clk 1:09:34]} 9. Be3
{[%clk 1:11:14]} Bd7 {[%clk 1:02:03]} 10. O-O {[%clk 1:06:56]} Nc5
{[%clk 0:57:54]} 11. Qc2 {[%clk 1:06:11]} a5 {[%clk 0:53:44]} 12. Rac1
{[%clk 1:03:37]} a4 {[%clk 0:52:18]} 13. Rfd1 {[%clk 1:02:32]} Qa5
{[%clk 0:50:00]} 14. Bf1 {[%clk 0:59:29]} Rfc8 {[%clk 0:34:50]} 15. Qb1
{[%clk 0:57:28]} Bc6 {[%clk 0:30:43]} 16. Nd5 {[%clk 0:53:16]} Kf8
{[%clk 0:27:17]} 17. f3 {[%clk 0:49:54]} Nxd5 {[%clk 0:25:09]} 18. exd5
{[%clk 0:47:20]} Bd7 {[%clk 0:24:01]} 19. Qc2 {[%clk 0:47:14]} e5
{[%clk 0:19:02]} 20. dxe6 {[%clk 0:45:33]} Nxe6 {[%clk 0:18:45]} 21. Qf2
{[%clk 0:41:59]} Re8 {[%clk 0:17:07]} 22. Nb5 {[%clk 0:41:14]} Bxb5
{[%clk 0:16:30]} 23. cxb5 {[%clk 0:41:35]} Qb4 {[%clk 0:16:17]} 24. Rc2
{[%clk 0:40:17]} Rac8 {[%clk 0:14:27]} 25. Rcd2 {[%clk 0:39:30]} d5
{[%clk 0:12:25]} 26. Rxd5 {[%clk 0:38:45]} Qxb2 {[%clk 0:12:08]} 27. R1d2
{[%clk 0:35:04]} Qb4 {[%clk 0:11:28]} 28. f4 {[%clk 0:33:23]} Kg8
{[%clk 0:06:52]} 29. f5 {[%clk 0:29:34]} Nf8 {[%clk 0:05:45]} 30. Bd4
{[%clk 0:20:03]} Rc1 {[%clk 0:04:18]} 31. Bxg7 {[%clk 0:17:00]} Kxg7
{[%clk 0:04:41]} 32. Qd4+ {[%clk 0:13:07]} Qxd4+ {[%clk 0:04:47]} 33. R5xd4
{[%clk 0:13:00]} a3 {[%clk 0:04:25]} 34. R4d3 {[%clk 0:11:19]} Re5
{[%clk 0:04:40]} 35. fxg6 {[%clk 0:11:20]} hxg6 {[%clk 0:04:34]} 36. Rxa3
{[%clk 0:11:20]} Rxb5 {[%clk 0:04:40]} 37. Rf2 {[%clk 0:11:31]} Nd7
{[%clk 0:04:16]} 38. Kh2 {[%clk 0:11:06]} Rb6 {[%clk 0:04:21]} 39. Rd3
{[%clk 0:08:39]} Rf6 {[%clk 0:03:51]} 40. Rxf6 {[%clk 0:38:35]} Nxf6
{[%clk 0:34:08]} 41. Be2 {[%clk 0:38:47]} Rc2 {[%clk 0:33:35]} 42. Bf3
{[%clk 0:39:09]} Rxa2 {[%clk 0:33:48]} 43. Bxb7 1/2-1/2